[Event "Airthings Masters Div 1 W"]
[Site "chess.com INT"]
[Date "2023.02.10"]
[Round "4.3"]
[White "Carlsen,M"]
[Black "Nakamura,Hi"]
[Result "1/2-1/2"]
[WhiteElo "2852"]
[BlackElo "2768"]

1.e4 c5 2.Nf3 d6 3.Bb5+ Nc6 4.O-O Bd7 5.Re1 Nf6 6.h3 a6 7.Bf1 g5 8.d4 g4
9.d5 gxf3 10.dxc6 Bxc6 11.Qxf3 Rg8 12.Nc3 Rg6 13.Nd5 e5 14.b4 cxb4 15.Nxb4 Bd7
16.c4 Qc8 17.Kh2 Bh6 18.Rb1 Kf8 19.Nd5 Nxd5 20.Bxh6+ Rxh6 21.exd5 b5 22.cxb5 axb5
23.Bxb5 Bxb5 24.Rxb5 Rxa2 25.Reb1 Kg7 26.Rb8 Qc2 27.R1b7 Qg6 28.Rb4 Qh5 29.Qxh5 Rxh5
30.Rg4+ Kf6 31.Rb6 Rxf2 32.Rxd6+ Ke7 33.Ra6 Rd2 34.Ra7+ Kf6 35.Ra6+ Kf5 36.Rg7 f6
37.d6 Rg5 38.Rxg5+ Kxg5 39.Kg3 h5 40.Kf3 h4 41.Ke3 Rd4 42.Ra8 Rxd6 43.Rg8+ Kf5
44.Rg4 Rd4 45.Rg8 Ra4 46.Rh8 Kg6 47.Rg8+ Kf7 48.Rh8 Ke7 49.Rh7+ Ke6 50.Rh6 Rb4
51.Kf3 Rc4 52.Ke3 Rf4 53.Rh8 Rc4 54.Rh6 Rb4 55.Kf3 Kf5 56.Rh5+ Kg6 57.Rh8 f5
58.Ke3 Kg5 59.Rg8+ Kf6 60.Rf8+ Ke6 61.Re8+ Kd6 62.Rd8+ Ke7 63.Rh8 Re4+ 64.Kf3 Rc4
65.Rh6 Kf7 66.Ke3 Kg7 67.Re6 Rc3+ 68.Kd2 Rc5 69.Ke3 Ra5 70.Kf3 Ra3+ 71.Kf2 e4
72.Rb6 Ra2+ 73.Kf1 e3 74.Re6 Rf2+ 75.Kg1 f4 76.Ra6 Kf7 77.Rb6 Ra2 78.Rb1 Kf6
79.Kf1 Rf2+ 80.Kg1 Rc2 81.Kf1 Ke5 82.Rb8 Rf2+ 83.Kg1 f3 84.gxf3 Rxf3 85.Kg2 Rf2+
86.Kg1 Rf7 87.Rb2 Ke4 88.Kg2 Kd3 89.Rb3+ Kd2 90.Rb2+ Kc3 91.Ra2 Rg7+ 92.Kf1 Rg3
93.Ra4 Kd3 94.Ra3+ Ke4 95.Ra8 Rxh3 96.Re8+ Kf4 97.Rf8+ Kg5 98.Rg8+ Kf5 99.Rf8+ Ke5
100.Re8+ Kd4 101.Rd8+ Kc4 102.Ke2 Rg3 103.Rh8 h3 104.Rh4+ Kd5 105.Rh8 Ke5
106.Rh7 Kf5 107.Rh8 Kf6 108.Rh6+ Ke5 109.Rh8 Kd6 110.Rh6+ Ke7 111.Rh8 Kf7
112.Rh7+ Kg8 113.Rh6 Kg7 114.Rh4 Kf7 115.Rh7+ Ke6 116.Rh8 Kf5 117.Rf8+ Ke4
118.Re8+ Kd4 119.Rd8+ Kc3 120.Rc8+ Kb4 121.Rh8 Kb5 122.Rh4 Kc6 123.Rh8 Kc5
124.Rc8+ Kd5 125.Rd8+ Kc6 126.Rc8+ Kd7 127.Rh8 Ke7 128.Rh7+ Ke8 129.Rh8+ Ke7
130.Rh7+ Ke8 131.Rh8+ Kf7 132.Rh7+  1/2-1/2

[Event "PRO League Prelim 2023"]
[Site "chess.com INT"]
[Date "2023.02.17"]
[Round "1.2"]
[White "Nakamura,Hi"]
[Black "Svane,Frederik"]
[Result "1-0"]
[WhiteElo "2768"]
[BlackElo "2575"]

1.Nf3 d5 2.g3 e6 3.Bg2 c5 4.d3 Nf6 5.Nbd2 Nc6 6.e4 Be7 7.O-O O-O 8.Re1 b5
9.e5 Nd7 10.Nf1 a5 11.h4 Ba6 12.h5 h6 13.N1h2 Qc7 14.Bf4 Rfc8 15.g4 Qd8 16.Kh1 b4
17.Qc1 a4 18.b3 Nd4 19.Qd2 Nxf3 20.Nxf3 Bb7 21.g5 hxg5 22.Nxg5 axb3 23.cxb3 Ra6
24.Rac1 Rca8 25.Rc2 Qe8 26.Qe2 Nxe5 27.Bxe5 Bxg5 28.Rxc5 f6 29.Qg4 Rc8 30.Bd4 Rxc5
31.Bxc5 e5 32.f4 Bh6 33.fxe5 fxe5 34.Rf1 Qe6 35.Rf8+ Kh7 36.Qxe6 Rxe6 37.Bh3 Rc6
38.Bf5+ g6 39.hxg6+ Kg7 40.Rf7+ Kg8 41.Rxb7 Rxc5 42.Be6+ Kf8 43.Rf7+ Ke8
44.g7 Rc1+ 45.Kh2 Rc2+ 46.Kh3  1-0

[Event "PRO League Prelim 2023"]
[Site "chess.com INT"]
[Date "2023.02.17"]
[Round "1.3"]
[White "Nakamura,Hi"]
[Black "Kollars,Dmitrij"]
[Result "1-0"]
[WhiteElo "2768"]
[BlackElo "2606"]

1.Nf3 d5 2.g3 g6 3.Bg2 Bg7 4.d3 e5 5.O-O Nc6 6.e4 dxe4 7.dxe4 Qxd1 8.Rxd1 Bg4
9.c3 Nf6 10.h3 Be6 11.Nbd2 Bh6 12.b4 O-O-O 13.Bb2 Nd7 14.a4 a5 15.b5 Ncb8
16.Bf1 f6 17.Nc4 b6 18.Ba3 Bf8 19.Ne3 Bxa3 20.Rxa3 Nc5 21.Nd2 Rd7 22.c4 Rhd8
23.Nd5 f5 24.f3 Kb7 25.Bg2 fxe4 26.fxe4 Rd6 27.Rf1 Nbd7 28.Nb1 Bxd5 29.cxd5 Rf6
30.Rc1 Rdf8 31.Nd2 Rf2 32.Rd1 R2f7 33.Nc4 Rf2 34.Nd2 R2f7 35.Bf3 Nf6 36.Kg2 Ne8
37.Nc4 Re7 38.Rc1 Nd7 39.Bg4 Ndf6 40.Rf3 Rh8 41.d6 cxd6 42.Nxd6+ Nxd6 43.Rxf6 Ne8
44.Rff1 h5 45.Be2 Nd6 46.Rf6 Rd8 47.Rc6 Nc8 48.Bc4 Rd2+ 49.Kf3 Rc7 50.Bd5 Kb8
51.Rxg6 Rd3+ 52.Kg2 Rd2+ 53.Kg1 Rd3 54.Kf2 Rd2+ 55.Ke3 Rg2 56.Kf3 Rc2 57.h4 Rc3+
58.Kg2 R7xc6 59.Rxc6 Rxc6 60.Bxc6 Nd6 61.g4 hxg4 62.h5 Kc7 63.h6 Kd8 64.Bd5  1-0

[Event "PRO League Prelim 2023"]
[Site "chess.com INT"]
[Date "2023.02.17"]
[Round "1.1"]
[White "Heinemann,Josefine"]
[Black "Nakamura,Hi"]
[Result "1-0"]
[WhiteElo "2336"]
[BlackElo "2768"]

1.e4 d6 2.d4 f5 3.exf5 Bxf5 4.Bd3 Qd7 5.Nf3 Nf6 6.Bxf5 Qxf5 7.O-O Nc6 8.c3 e5
9.dxe5 dxe5 10.Re1 Bd6 11.h3 O-O-O 12.Qe2 e4 13.Nh2 Ne5 14.Be3 Nd3 15.Rd1 h5
16.Na3 g5 17.Nc4 Bxh2+ 18.Kxh2 g4 19.h4 Nd5 20.Kg1 a6 21.Rd2 Rhg8 22.Rad1 g3
23.f3 Qf6 24.Bg5 Rxg5 25.hxg5 Qxg5 26.Qxe4 N3f4 27.Ne3 Qh4 28.Nf1 c6 29.c4 Rd7
30.cxd5 Re7 31.Qf5+ Kb8 32.dxc6 Ne2+ 33.Rxe2 Rxe2 34.Qf8+ Kc7 35.Qd6+ Kb6
36.c7+ Ka7 37.c8=Q  1-0

[Event "PRO League Prelim 2023"]
[Site "chess.com INT"]
[Date "2023.02.17"]
[Round "1.4"]
[White "Svane,R"]
[Black "Nakamura,Hi"]
[Result "0-1"]
[WhiteElo "2616"]
[BlackElo "2768"]

1.Nf3 d5 2.g3 g6 3.Bg2 Bg7 4.d4 Nf6 5.O-O O-O 6.c4 dxc4 7.Na3 c5 8.dxc5 Na6
9.c6 c3 10.Nd4 Nd5 11.Nc4 Nab4 12.cxb7 Bxb7 13.a3 Bxd4 14.axb4 cxb2 15.Qxd4 bxa1=Q
16.Qxa1 Qc7 17.Bh6 Nf6 18.Bxb7 Qxb7 19.Bxf8 Rxf8 20.Qa5 Nd5 21.Ne3 Nc3 22.Re1 Rc8
23.f3 Qd7 24.Kf2 Qd4 25.Qg5 e5 26.Qg4 f5 27.Qxd4 exd4 28.Nc2 Nb5 29.Na1 Rc4
30.Rb1 Kf7 31.Rb2 Nc3 32.Ke1 Ke6 33.Nc2 Kd5 34.Kd2 Rc7 35.b5 Kc5 36.Kd3 Nxb5
37.Na1 Re7 38.Ra2 Re3+ 39.Kd2 Nc3 40.Rxa7 Rxe2+ 41.Kd3 Re3+ 42.Kd2 Rxf3 43.Rxh7 Ne4+
44.Ke2 Ra3 45.Rc7+ Kd6 46.Rc1 d3+ 47.Kd1 Kd5  0-1

[Event "PRO League Prelim 2023"]
[Site "chess.com INT"]
[Date "2023.02.21"]
[Round "2.2"]
[White "Nakamura,Hi"]
[Black "Yoo,Christopher Woojin"]
[Result "1-0"]
[WhiteElo "2768"]
[BlackElo "2589"]

1.e4 c5 2.b3 Nf6 3.e5 Nd5 4.Nc3 Nc7 5.Bb2 Nc6 6.Ne4 d6 7.exd6 exd6 8.Nf3 d5
9.Ng3 d4 10.Bd3 Be7 11.c3 O-O 12.O-O Be6 13.cxd4 cxd4 14.Be4 Bd5 15.Re1 Ne6
16.d3 Rc8 17.a3 a5 18.Rc1 Re8 19.h4 Nc5 20.Nd2 Nxe4 21.Ndxe4 Bxh4 22.Nf5 Bxe4
23.dxe4 g6 24.Nxd4 Bf6 25.Nxc6 Qxd1 26.Rexd1 Bxb2 27.Ne7+ Rxe7 28.Rxc8+ Kg7
29.a4 Rxe4 30.Rc7 b6 31.Rc6 Rb4 32.Rd3 b5 33.Rb6 Re4 34.Rxb5 Re1+ 35.Kh2 Be5+
36.g3 Bc7 37.Rd7  1-0

[Event "PRO League Prelim 2023"]
[Site "chess.com INT"]
[Date "2023.02.21"]
[Round "2.1"]
[White "Tang,Zoey"]
[Black "Nakamura,Hi"]
[Result "0-1"]
[WhiteElo "2063"]
[BlackElo "2768"]

1.d4 c5 2.d5 e5 3.c4 d6 4.Nc3 g6 5.e4 h5 6.f4 exf4 7.Bxf4 Bh6 8.Bxh6 Nxh6
9.Nf3 Bg4 10.Be2 Bxf3 11.Bxf3 Nd7 12.Qd2 Ng4 13.O-O-O Nge5 14.Be2 a6 15.Kb1 Qc7
16.Rhf1 O-O-O 17.g3 Kb8 18.Rf4 Rde8 19.Rdf1 Re7 20.h3 Qa5 21.Qc2 Ka8 22.Qa4 Qb6
23.Qc2 Rhe8 24.b3 Rb8 25.Ka1 Qa5 26.g4 hxg4 27.Bxg4 b5 28.cxb5 axb5 29.Rb1 Nb6
30.Rf2 b4 31.Nd1 c4 32.Ne3 c3 33.Be2 Qc5 34.Nd1 Ra7 35.Bf1 Kb7 36.Qc1 Rba8
37.Rc2 Rxa2+ 38.Rxa2 Rxa2+ 39.Kxa2 Qa5+  0-1

[Event "PRO League Prelim 2023"]
[Site "chess.com INT"]
[Date "2023.02.22"]
[Round "2.4"]
[White "Nakamura,Hi"]
[Black "Shankland,S"]
[Result "1-0"]
[WhiteElo "2768"]
[BlackElo "2710"]

1.e4 c5 2.Nf3 d6 3.c3 Nf6 4.Bd3 Nc6 5.Bc2 Bg4 6.d3 e6 7.Nbd2 Qc7 8.h3 Bh5
9.Qe2 Be7 10.Nf1 O-O-O 11.Ng3 Bg6 12.O-O d5 13.Nh4 Kb8 14.Nxg6 hxg6 15.Ba4 d4
16.c4 Nd7 17.f4 Ka8 18.e5 Nb6 19.Bd1 g5 20.fxg5 Nxe5 21.Bf4 Bd6 22.Ne4 Nexc4
23.Nxd6 Nxd6 24.Bb3 Nd5 25.Bxd5 exd5 26.Qe5 Qc6 27.Qxg7 Nf5 28.Qxf7 Rhf8
29.Qc7 Qb5 30.Bd6 Nxd6 31.Rxf8 Rxf8 32.Qxd6 Re8 33.Rf1 Qxd3 34.Rf8 Qe3+ 35.Kh2 a6
36.g6 Rxf8 37.Qxf8+ Ka7 38.Qxc5+ Ka8 39.Qd6 Qg5 40.Qf8+ Ka7 41.Qc5+ Ka8 42.Qxd4  1-0

[Event "PRO League Prelim 2023"]
[Site "chess.com INT"]
[Date "2023.02.22"]
[Round "2.3"]
[White "Robson,R"]
[Black "Nakamura,Hi"]
[Result "0-1"]
[WhiteElo "2702"]
[BlackElo "2768"]

1.c4 Nf6 2.Nf3 a6 3.Nc3 d6 4.d4 g6 5.e4 Bg7 6.Be2 Bg4 7.Be3 O-O 8.O-O Nc6
9.d5 Bxf3 10.Bxf3 Na5 11.Be2 c5 12.a3 b6 13.Qc2 e6 14.b4 Nb7 15.dxe6 fxe6
16.f4 Qc7 17.b5 a5 18.Rad1 Rae8 19.Bf3 Nd8 20.g4 Nd7 21.h4 Bd4 22.Qd2 d5
23.exd5 Rxf4 24.Ne2 Rf7 25.Nxd4 cxd4 26.Bxd4 Qxc4 27.dxe6 Nxe6 28.Ba1 Qc5+
29.Kh1 Ref8 30.Qb2 Ne5 31.Qxe5 Qxe5 32.Bxe5 Rxf3 33.Rxf3 Rxf3 34.Rd6 Nc5
35.Rxb6 Nd7 36.Re6 Kf7 37.Ra6 Nxe5 38.Rxa5 Rf2 39.b6 Nf3 40.Ra7+ Ke6 41.b7 Rh2+  0-1

[Event "PRO League Prelim 2023"]
[Site "chess.com INT"]
[Date "2023.03.03"]
[Round "3.2"]
[White "Nakamura,Hi"]
[Black "Xu,Yi"]
[Result "1-0"]
[WhiteElo "2768"]
[BlackElo "2510"]

1.e4 e5 2.Nf3 Nf6 3.Nxe5 d6 4.Nd3 Nxe4 5.Qe2 Qe7 6.Nf4 c6 7.d4 d5 8.f3 Nf6
9.Be3 h5 10.Nd2 Bf5 11.O-O-O Nbd7 12.Qf2 O-O-O 13.Bd3 Bxd3 14.Nxd3 Qe6 15.Bf4 Qf5
16.h4 g6 17.Rhe1 Bh6 18.Bh2 Bxd2+ 19.Kxd2 Nb6 20.b3 Ne8 21.Re5 Qf6 22.Bf4 Qg7
23.Rde1 Nd6 24.Re7 Kb8 25.Bxd6+ Rxd6 26.Nc5 Ka8 27.Rxb7 Qh6+ 28.Kc3 Rhd8
29.Ree7 Nc8 30.Rec7 Qc1 31.Na6 Qa1+ 32.Kd2  1-0

[Event "PRO League Prelim 2023"]
[Site "chess.com INT"]
[Date "2023.03.03"]
[Round "3.1"]
[White "Lou Yiping"]
[Black "Nakamura,Hi"]
[Result "0-1"]
[WhiteElo "2500"]
[BlackElo "2768"]

1.d4 Nf6 2.c4 e6 3.Nc3 Bb4 4.Qc2 c5 5.dxc5 Bxc5 6.Nf3 Qb6 7.e3 Qc7 8.Bd3 b6
9.O-O Bb7 10.Ne4 Nc6 11.a3 Nxe4 12.Bxe4 f5 13.Bd3 Bd6 14.e4 Ne7 15.Re1 O-O
16.b4 Ng6 17.exf5 exf5 18.Bxf5 Bxf3 19.gxf3 Bxh2+ 20.Kh1 Be5 21.Rb1 d6 22.Bxg6 hxg6
23.Kg2 Qf7 24.Qe4 Rac8 25.Qd5 Rxc4 26.Qxf7+ Rxf7 27.Be3 b5 28.Rb3 a6 29.Rd3 Rf5
30.Bd2 Kf7 31.Re4 Ke6 32.Rg4 g5 33.a4 Bf4 34.axb5 axb5 35.Bc3 g6 36.Kf1 Be5
37.Bxe5 Rxe5 38.Rgd4 d5 39.Kg2 Rf5 40.Kg3 Rxd4 41.Rxd4 Ke5 42.Rd1 Rf4 43.Re1+ Kd6
44.Ra1 d4 45.Ra8 Rf7 46.Kg4 d3 47.Ra3 Rf4+ 48.Kxg5 Rxf3 49.Ra2 Kd5 50.Kxg6 Kc4
51.Kg5 Kb3 52.Rd2 Kc3  0-1

[Event "PRO League Prelim 2023"]
[Site "chess.com INT"]
[Date "2023.03.03"]
[Round "3.3"]
[White "Ju,Wenjun"]
[Black "Nakamura,Hi"]
[Result "0-1"]
[WhiteElo "2555"]
[BlackElo "2768"]

1.d4 Nf6 2.c4 e6 3.Nf3 Bb4+ 4.Bd2 c5 5.Bxb4 cxb4 6.g3 b6 7.Bg2 Bb7 8.O-O a5
9.Qd3 O-O 10.Nbd2 d6 11.e4 e5 12.a3 Na6 13.Rfd1 Re8 14.d5 Nd7 15.a4 Ndc5
16.Qe3 Bc8 17.b3 f5 18.exf5 Bxf5 19.Ng5 h6 20.Nge4 Rf8 21.Rf1 Ra7 22.Rae1 Raf7
23.h4 Nb7 24.Kh2 Nac5 25.Re2 Nd7 26.Bh3 Bxh3 27.Kxh3 Nf6 28.Nxf6+ Rxf6 29.Kg2 Nc5
30.Ne4 Rf3 31.Qxf3 Rxf3 32.Kxf3 Nxb3 33.Kg2 Qc7 34.Rc2 Nc5 35.Nxc5 Qxc5 36.Rb1 Qd4
37.Kh2 Qd3 38.Rbb2 Kf7 39.Kg2 Kf6 40.Rc1 Qa3  0-1

[Event "Chessable Masters Div 1 W"]
[Site "chess.com INT"]
[Date "2023.04.03"]
[Round "1.2"]
[White "Fedoseev,Vl3"]
[Black "Nakamura,Hi"]
[Result "1/2-1/2"]
[WhiteElo "2674"]
[BlackElo "2775"]

1.e4 e5 2.Nf3 Nc6 3.Nc3 Nf6 4.d4 exd4 5.Nxd4 Bb4 6.Nxc6 bxc6 7.Bd3 O-O 8.O-O d5
9.exd5 Bg4 10.Ne2 cxd5 11.h3 Bh5 12.c4 dxc4 13.Bxc4 Qe7 14.Qa4 Bxe2 15.Bxe2 Bc5
16.Bf3 Rad8 17.Qc2 Qe5 18.Bd2 Bd4 19.Rae1 Qb5 20.b4 Bb6 21.a4 Qd3 22.Qxd3 Rxd3
23.Bg5 h6 24.Bxf6 gxf6 25.a5 Bd4 26.Rd1 Rxd1 27.Rxd1 Bc3 28.Rc1 Bxb4 29.Rxc7 Bxa5
30.Rxa7 Bb6 31.Rb7 Bc5 32.Rc7 Bb6 33.Rb7 Bc5 34.Bh5 Kg7 35.g3 Bd6 36.Rd7 Bc5
37.Kg2 Bb6 38.Rb7 Bc5 39.f4 Ba3 40.Kf3 Bc5 41.Rd7 Bb4 42.Kg4 Be1 43.Re7 Bb4
44.Rb7 Be1 45.Rd7 Bf2 46.Re7 Bc5 47.Rb7 Bf2 48.Kf3 Bc5 49.Rd7 Bb4 50.g4 Be1
51.Ke4 Bh4 52.Kf5 Bg3 53.Ke4 Bh4 54.Kf3 Kg8 55.Rb7 Kg7 56.Ra7 Kg8 57.Rd7 Kg7
58.Ke4 Re8+ 59.Kd5 Rf8 60.Rb7 Bg3 61.Ke4 Bh4 62.Kf3 Kg8 63.Rc7 Kg7 64.Ra7 Kg8
65.Rb7 Kg7 66.Ke3 Re8+ 67.Kd4 Rf8 68.Kd5 Bg3 69.f5 Bf4 70.Kc6 Rc8+ 71.Kd7 Rb8
72.Rxb8 Bxb8 73.Ke8 Bg3 74.Bxf7 Bh4  1/2-1/2

[Event "Chessable Masters Div 1 W"]
[Site "chess.com INT"]
[Date "2023.04.03"]
[Round "1.3"]
[White "Nakamura,Hi"]
[Black "Fedoseev,Vl3"]
[Result "0-1"]
[WhiteElo "2775"]
[BlackElo "2674"]

1.e4 c6 2.Nf3 d5 3.d3 e6 4.Nbd2 c5 5.g3 Nc6 6.Bg2 Nf6 7.O-O Be7 8.Re1 O-O
9.e5 Nd7 10.h4 a5 11.Nf1 f6 12.exf6 Nxf6 13.c4 h6 14.N1h2 dxc4 15.dxc4 Qxd1
16.Rxd1 e5 17.Be3 Bf5 18.Nd2 a4 19.Nb1 Nd4 20.Nc3 Rfb8 21.Nf3 Ng4 22.Nd2 Ra6
23.Nd5 Bd8 24.Ne4 Rc8 25.Bd2 Kh7 26.Nec3 Rb8 27.Be4 g6 28.Kg2 Ba5 29.f3 Bxc3
30.bxc3 Bxe4 31.fxe4 Nc2 32.Rac1 Na3 33.Ne3 Nf6 34.Be1 Rf8 35.Rd2 Rf7 36.Re2 Rd6
37.g4 Rd3 38.Bg3 Nxe4 39.Bxe5 Re7 40.Bf4 Nf6 41.Ree1 Kg7 42.Bxh6+ Kxh6 43.Nf5+ gxf5
44.g5+ Kh5 45.Rxe7 Ne4 46.Rh7+ Kg4 47.g6 Rd2+ 48.Kg1 Kg3 49.Rf1 Nxc4 50.g7 Rg2+
51.Kh1 Nf2+ 52.Rxf2 Kxf2 53.Rh5 Rxg7 54.Rxf5+ Ke3 55.Rxc5 Nd2 56.Rg5 Rxg5
57.hxg5 Ne4 58.g6 Ng3+ 59.Kg1 Nf5 60.Kf1 Kd3  0-1

[Event "Chessable Masters Div 1 W"]
[Site "chess.com INT"]
[Date "2023.04.03"]
[Round "1.4"]
[White "Fedoseev,Vl3"]
[Black "Nakamura,Hi"]
[Result "0-1"]
[WhiteElo "2674"]
[BlackElo "2775"]

1.e4 c5 2.Nf3 Nc6 3.Bb5 e5 4.O-O Bd6 5.c3 a6 6.Ba4 b5 7.Bb3 c4 8.Bc2 Nf6
9.d4 cxd3 10.Qxd3 Be7 11.Bg5 Nh5 12.Bxe7 Qxe7 13.Rd1 Nf4 14.Qe3 d6 15.a4 b4
16.Qd2 Bg4 17.Qxd6 Rc8 18.a5 Bxf3 19.Qxe7+ Kxe7 20.gxf3 Nd4 21.Ba4 Nxf3+
22.Kh1 Rhd8 23.Rxd8 Kxd8 24.Bd1 Ng5 25.Ra4 Ngh3 26.Nd2 Rc6 27.Nf1 bxc3  0-1

[Event "Chessable Masters Div 1 W"]
[Site "chess.com INT"]
[Date "2023.04.03"]
[Round "1.5"]
[White "Fedoseev,Vl3"]
[Black "Nakamura,Hi"]
[Result "1/2-1/2"]
[WhiteElo "2674"]
[BlackElo "2775"]

1.c4 Nf6 2.g3 e5 3.Bg2 Nc6 4.Nc3 Bb4 5.Nd5 Bc5 6.d3 h6 7.Nf3 d6 8.Nc3 O-O
9.a3 Nd4 10.Nd2 a5 11.O-O c6 12.Rb1 Bg4 13.h3 Bh5 14.Re1 d5 15.cxd5 cxd5
16.Nb3 Ba7 17.Nxd4 Bxd4 18.Qb3 a4 19.Nxa4 e4 20.Nc3 Re8 21.dxe4 dxe4 22.Rd1 Qb6
23.Qxb6 Bxb6 24.Bf4 Bg6 25.e3 Ba5 26.Nb5 Red8 27.Be5 Ne8 28.Bf1 Bf5 29.Bd4 Be6
30.b4 Bc7 31.Rbc1 Rd7 32.g4 Bd8 33.Bg2 h5 34.Bxe4 hxg4 35.hxg4 Bxg4 36.f3 Be6
37.Be5 Bb6 38.Kf2 Rad8 39.Rxd7 Bxd7 40.Nd4 Ra8 41.Rc3 Ra7 42.Bd5 Kf8 43.Ke2 Ke7
44.Bb8 Ra8 45.Bg3 Ra7 46.Kd3 Nd6 47.Bxd6+ Kxd6 48.Bxf7 Ra8 49.f4 Bh3 50.Nb5+ Ke7
51.Bc4 Bf5+ 52.Ke2 Rh8 53.Bd5 Rh2+ 54.Kf3 Rh3+ 55.Kf2 Rh2+ 56.Ke1 Rh3 57.Kd2 Rh2+
58.Kc1 Rh3 59.e4 Rh1+ 60.Kc2 Rh2+ 61.Kb3 Bg4 62.a4 Bd7 63.Bxb7 Re2 64.Bd5 Bxb5
65.axb5 Re3 66.e5 g6 67.Kc4 Rxc3+ 68.Kxc3 Be3 69.Kd3 Bxf4 70.Ke4 Bd2 71.b6 Kd8
72.b7 Kc7 73.b5 Bb4 74.Bc6 Bc3 75.Kd5 Bb2 76.b6+ Kb8 77.Kd6 g5 78.e6 g4 79.Bg2 Ba3+
80.Ke5 Be7 81.Kf5 g3 82.Kg4 Bd6 83.Kh4 Bf8 84.Kxg3 Be7 85.Kg4 Bc5 86.Kf5 Be7
87.Kg6 Bd6 88.Kf7 Bc5 89.Ke8 Bb4 90.Kd7 Ba3 91.Kc6 Bf8 92.Bf3 Ba3 93.Be2 Bf8
94.Bc4 Ba3 95.Bd5 Bf8 96.Kd7 Ba3 97.Bg2 Bb4 98.Ke8 Ba3 99.Kf7 Bb4 100.Kf6 Ba3
101.Ke5 Bb4 102.Kd4 Ba3 103.Kc4 Be7 104.Kb5 Bf8 105.Bf1 Be7 106.Kc6 Bf8 107.Ba6 Ba3
108.Kd5 Be7 109.Ke5 Ba3 110.Kf6 Bc5 111.Kf7 Ba3 112.Ke8 Bb4 113.Kd7 Ba3 114.Kc6 Be7
115.Be2 Ba3 116.Kb5 Be7 117.Ka4 Bf8 118.Ka5 Be7 119.Bf3 Bf8 120.Bc6 Be7 121.Bd7 Bf8
122.Bc8 Be7 123.Kb5 Bf8 124.Kc6 Be7 125.Kd7 Ba3 126.Ke8 Be7 127.Kxe7  1/2-1/2

[Event "Chessable Masters Div 1 W"]
[Site "chess.com INT"]
[Date "2023.04.03"]
[Round "1.1"]
[White "Nakamura,Hi"]
[Black "Fedoseev,Vl3"]
[Result "1/2-1/2"]
[WhiteElo "2775"]
[BlackElo "2674"]

1.e4 c6 2.Nf3 d5 3.d3 e6 4.Qe2 Be7 5.g3 dxe4 6.dxe4 e5 7.Bg2 Nf6 8.O-O Qc7
9.b3 b6 10.Nbd2 Ba6 11.Nc4 O-O 12.Bb2 Nbd7 13.Rfe1 Ne8 14.Bf1 f6 15.Rad1 Rd8
16.Qe3 b5 17.Ncd2 Bc5 18.Qe2 Nb8 19.Bh3 g6 20.a3 b4 21.Be6+ Kh8 22.Bc4 bxa3
23.Bxa3 Bxa3 24.Bxa6 Bb4 25.Ra1 Bc3 26.Ra4 Nxa6 27.Rxa6 Nd6 28.Rf1 Qb7 29.Nb1 Bb4
30.Ra4 Bc5 31.Nfd2 Nb5 32.c3 Qd7 33.b4 Bb6 34.Ra2 c5 35.bxc5 Bxc5 36.Nc4 Rc8
37.Ne3 Qe6 38.Nd5 Nd6 39.Ra6 f5 40.Nd2 fxe4 41.c4 Qd7 42.Nxe4 Nxe4 43.Qxe4 Bd4
44.Qe2 Qb7 45.Ra4 Qd7 46.Ra2 Rf7 47.Kg2 Qc6 48.Rc2 a5 49.Qe4 a4 50.f4 Rd7
51.Rfc1 a3 52.fxe5 Bb2 53.Rd1 Re8 54.Qf3 Kg7 55.Rf2 Bxe5 56.Qxa3 Qxc4 57.Qf3 Qc6
58.Ne3 Qxf3+ 59.Rxf3 Rxd1 60.Nxd1 Bd4 61.Rd3  1/2-1/2

[Event "Chessable Masters Div 1 W"]
[Site "chess.com INT"]
[Date "2023.04.04"]
[Round "2.1"]
[White "Nakamura,Hi"]
[Black "So,W"]
[Result "1/2-1/2"]
[WhiteElo "2775"]
[BlackElo "2760"]

1.e4 e5 2.Nf3 Nc6 3.Bb5 Nf6 4.d3 Bc5 5.O-O Nd4 6.Bc4 d6 7.a4 c6 8.Nxd4 Bxd4
9.Nd2 O-O 10.a5 d5 11.Bb3 Bg4 12.Qe1 Re8 13.h3 Bh5 14.c3 Bc5 15.Bc2 h6 16.b4 Bd6
17.Nb3 Bg6 18.c4 b6 19.Bd2 Qe7 20.Nc1 Qe6 21.Qe2 Bh5 22.f3 Bg6 23.Rd1 Red8
24.Bb3 Qe7 25.Qe1 dxe4 26.dxe4 Nd7 27.Ne2 Nf8 28.Ra2 Ne6 29.Rda1 Rab8 30.axb6 axb6
31.Ra7 Rd7 32.Rxd7 Qxd7 33.Bc3 c5 34.b5 Nd4 35.Bd1 f6 36.Bd2 Bf7 37.Ra4 Qb7
38.Nc3 Ra8 39.Qf1 Rxa4 40.Nxa4 Be6 41.Bc3 Bc7 42.Qd3 Bd8 43.Nb2 Qa7 44.Ba4 h5
45.Kf1 Qf7 46.Kg1 h4 47.Bc2 Be7 48.Bb1 Qg6 49.Kh1 Qg3 50.Qf1 Qf4 51.Bd3 g6
52.Nd1 f5 53.Be1 Bg5 54.Nc3 Qc1 55.Ne2 Nxe2 56.Bxe2 Kf7 57.Bf2 Qc2 58.Bd3 Qd2
59.Qe2 Qc1+ 60.Qf1 Qd2 61.Be1 Qd1 62.Bc3 Qxf1+ 63.Bxf1 Bf4 64.Be2 Kf6 65.Kg1 Be3+
66.Kf1 fxe4 67.fxe4 Kg5 68.Bxe5 Bf4 69.Bg7 Bc7 70.Kf2 Kf4 71.Bd3 Be5 72.Bh6+ g5
73.Ke2 Bf6 74.Kf2 Bd4+ 75.Ke2 Be5 76.Kf2 Bf6 77.Ke2 Kg3 78.Kf1 Kf4 79.Kf2 Ke5
80.Ke3 Bf7 81.Bf8 Be6 82.Bh6 Kd6 83.Be2 Bf7 84.Bf8+ Kd7 85.Bh6 Ke6 86.Bf8 Bd4+
87.Kd3 Bf6 88.Ke3 Ke5 89.Bh6 Bg6 90.Bf3 Bh7 91.Bf8 Bg8 92.Kd3 Be6 93.Be2 Bf7
94.Bg4 Bg6 95.Bf5 Bf7 96.Bg4 Bg8 97.Be2 Be6 98.Ke3 Bf7 99.Bh6 Kd6 100.Kd3 Bg6
101.Bf3 Ke7 102.Ke3 Ke6 103.Bg4+ Ke5 104.Bf3 Bf7 105.Be2  1/2-1/2

[Event "Chessable Masters Div 1 W"]
[Site "chess.com INT"]
[Date "2023.04.04"]
[Round "2.2"]
[White "So,W"]
[Black "Nakamura,Hi"]
[Result "0-1"]
[WhiteElo "2760"]
[BlackElo "2775"]

1.e4 e5 2.Nf3 Nc6 3.Bc4 Nf6 4.d3 Bc5 5.O-O d6 6.c3 a6 7.a4 Ba7 8.Re1 O-O
9.h3 h6 10.Nbd2 Re8 11.b4 Be6 12.Bxe6 Rxe6 13.Bb2 Ne7 14.Nf1 Ng6 15.Ng3 c6
16.c4 a5 17.b5 d5 18.Qc2 d4 19.Ba3 Nd7 20.bxc6 Rxc6 21.Reb1 Qc7 22.Rb5 Bc5
23.Bc1 Bb4 24.Nf5 Nc5 25.Rb1 Nf8 26.Bd2 Bxd2 27.Nxd2 Nfe6 28.Nb3 h5 29.Ng3 Nxa4
30.Ra1 Nc3 31.Rbxa5 Rxa5 32.Rxa5 Ra6 33.Rxa6 bxa6 34.Ne2 a5 35.Nxc3 dxc3
36.Qxc3 a4 37.Nc1 Qb6 38.Qxe5 a3 39.Qb5 Qd4 40.Qe8+ Nf8 41.Qa4 Qa1 42.Qc2 Qb2
43.Qd1 Ne6 44.Qe1 Nd4 45.Kh2 Ne2 46.Nxe2 a2 47.Ng3 g6 48.Qe3 a1=Q 49.Nxh5 gxh5  0-1

[Event "Chessable Masters Div 1 W"]
[Site "chess.com INT"]
[Date "2023.04.04"]
[Round "2.3"]
[White "Nakamura,Hi"]
[Black "So,W"]
[Result "1/2-1/2"]
[WhiteElo "2775"]
[BlackElo "2760"]

1.e4 c5 2.Nf3 d6 3.Bb5+ Nd7 4.Ba4 Nf6 5.O-O e6 6.Re1 a6 7.c3 b5 8.Bc2 c4
9.d4 cxd3 10.Bxd3 Nc5 11.Bc2 Bb7 12.Bg5 Be7 13.Nbd2 h6 14.Bh4 O-O 15.Nd4 Rc8
16.f3 g6 17.Bf2 Qc7 18.Nf1 e5 19.Nb3 Na4 20.Rb1 d5 21.Nbd2 Nc5 22.Qe2 dxe4
23.Nxe4 Ncxe4 24.fxe4 b4 25.Nd2 Rfd8 26.Nf3 Bc5 27.h3 a5 28.Kh1 bxc3 29.bxc3 Nxe4
30.Bh4 Nxc3 31.Rxb7 Qxb7 32.Qxe5 Bd6 33.Qxa5 Rf8 34.Bb3 Rc5 35.Qa3 Ne4 36.Qa4 Bg3
37.Qxe4 Qxe4 38.Rxe4 Rc1+ 39.Ng1 Bd6 40.Bf2 Rfc8 41.g3 Bc5 42.Bxc5 R8xc5
43.Kg2 Rb1 44.Re2 Kg7 45.Nf3 Rc7 46.g4 Rb7 47.Rf2 Re7 48.Rd2 Rc7 49.Kg3 Rbc1
50.Rd3 R1c5 51.h4 Rb7 52.Nd2 Rbc7 53.Ne4 Rc1 54.Nd6 R7c3 55.Rxc3 Rxc3+ 56.Kf4 Rh3
57.Nxf7 Rxh4 58.Ne5 Kf6 59.Nf3 Rh3 60.g5+ hxg5+ 61.Kg4 Rh1 62.Kg3 Rb1 63.Nd2 Re1
64.Kf3 Rh1 65.Kg3 Re1 66.Kf2 Re7 67.Kf3 Re1 68.a4 Ke5 69.a5 Kd4 70.Bf7 Re3+
71.Kg4 Ra3 72.Bxg6 Kc5 73.Ne4+ Kb4 74.Nxg5 Rxa5 75.Bf5 Rxf5 76.Kxf5  1/2-1/2

[Event "Chessable Masters Div 1 W"]
[Site "chess.com INT"]
[Date "2023.04.04"]
[Round "2.4"]
[White "So,W"]
[Black "Nakamura,Hi"]
[Result "1/2-1/2"]
[WhiteElo "2760"]
[BlackElo "2775"]

1.c4 Nf6 2.Nc3 e5 3.g3 c6 4.Nf3 e4 5.Nd4 Qb6 6.e3 d5 7.Bg2 Bg4 8.Qb3 Bc5
9.h3 Bd7 10.Qxb6 axb6 11.cxd5 Bxd4 12.exd4 cxd5 13.d3 Nc6 14.Bg5 Nxd4 15.O-O-O Rc8
16.Kb1 exd3 17.Bxf6 gxf6 18.Nxd5 Kf8 19.Nxb6 Bf5 20.g4 Bg6 21.f4 Rc2 22.Bxb7 f5
23.g5 Rf2 24.h4 Bh5 25.Rxd3 Ne6 26.Nd7+ Kg7 27.Nf6 Bg4 28.Ba6 Nc5 29.Rd6 Rb8
30.Bc4 Rfxb2+ 31.Ka1 R2b4 32.Rc1 Rc8 33.h5 Ne4 34.h6+ Kf8 35.Rd7 Rbxc4 36.Rxc4 Rxc4
37.Nxh7+ Kg8 38.g6 fxg6 39.Nf8 Kxf8 40.Rd8+ Ke7 41.h7 Rc1+ 42.Kb2 Rh1 43.h8=Q Rxh8
44.Rxh8 g5 45.fxg5 Nxg5 46.a4 Kd6 47.Rc8 Ne6 48.a5 Nc7 49.Kc3 f4 50.Rb8 f3
51.Kd2 f2 52.Rf8 Kc6 53.Rxf2 Kb5 54.Rf4 Be6 55.Re4 Kxa5 56.Rxe6 Nxe6  1/2-1/2

[Event "Chessable Masters Div 1 W"]
[Site "chess.com INT"]
[Date "2023.04.05"]
[Round "3.3"]
[White "Caruana,F"]
[Black "Nakamura,Hi"]
[Result "1-0"]
[WhiteElo "2764"]
[BlackElo "2775"]

1.e4 c5 2.Nf3 Nc6 3.Bb5 e5 4.O-O Bd6 5.d4 Nxd4 6.Bc4 Bc7 7.Ng5 Nh6 8.Nc3 O-O
9.h3 Kh8 10.a4 f6 11.Nf3 Ng8 12.Nd5 Ne7 13.c3 Nxf3+ 14.Qxf3 b6 15.Rd1 Bb7
16.Be3 d6 17.Qg4 Rb8 18.b4 Bc8 19.Qe2 Nxd5 20.Bxd5 Qe7 21.Qc4 f5 22.exf5 Bxf5
23.Ra2 Bc8 24.Rad2 a6 25.Qe2 a5 26.Rb2 Bd7 27.Ra1 Rfc8 28.Qd3 Be8 29.Qc4 b5
30.axb5 Rxb5 31.Qg4 Rcb8 32.Bc4 R5b7 33.Bd5 Ra7 34.Qe2 a4 35.b5 Bf7 36.Qc4 Bxd5
37.Qxd5 a3 38.Rb3 Qf8 39.c4 a2 40.Rb2 Qg8 41.Qxg8+ Kxg8 42.Rbxa2 Rxa2 43.Rxa2 d5
44.cxd5 Rxb5 45.Ra8+ Bb8 46.Bxc5 Kf7 47.Ba3 e4 48.g4 h5 49.gxh5 Be5 50.Rf8+  1-0

[Event "Chessable Masters Div 1 W"]
[Site "chess.com INT"]
[Date "2023.04.05"]
[Round "3.1"]
[White "Caruana,F"]
[Black "Nakamura,Hi"]
[Result "1-0"]
[WhiteElo "2764"]
[BlackElo "2775"]

1.c4 Nf6 2.Nc3 e5 3.Nf3 Nc6 4.g3 Nd4 5.Bg2 Nxf3+ 6.Bxf3 Bb4 7.Qb3 a5 8.O-O Bc5
9.d3 O-O 10.Bg2 d6 11.Qc2 h6 12.Na4 Ba7 13.Bd2 c6 14.c5 d5 15.e4 Be6 16.h3 Bb8
17.Nb6 Ra6 18.b4 axb4 19.Bxb4 Qe7 20.Rfb1 Rd8 21.a4 d4 22.a5 Ne8 23.Rf1 Nc7
24.f4 exf4 25.gxf4 f6 26.Rae1 Nb5 27.e5 f5 28.Kh1 Bc7 29.Rb1 Kh8 30.Rb2 g5
31.fxg5 hxg5 32.Qd1 Qh7 33.Qe1 Rg8 34.Nc4 g4 35.Nd6 g3 36.Rf4 Bd8 37.Bd2 Bg5
38.Rf1 Qh6 39.Nxf5 Qh7 40.Nd6 Bxh3 41.Nf7+ Kg7 42.Nxg5 Bxg2+ 43.Kxg2 Qh2+
44.Kf3 g2 45.Rg1 Rf8+ 46.Kg4 Nc7 47.Rxb7 Kh6 48.Rxc7 Rxa5  1-0